| 000 | 00367nam a2200145Ia 4500 | ||
|---|---|---|---|
| 008 | 210210b2003 xxu||||| |||| 00| 0 eng d | ||
| 020 | _a0 19 566806 5 | ||
| 082 | _a428.2 SINW | ||
| 100 | _aSINGH (Vandana R). | ||
| 245 | _aWritten word. | ||
| 260 |
_aNew Delhi _bOxford University Press _c2003 |
||
| 300 | _axiii,323 | ||
| 690 | _aEnglish Usage | ||
| 906 | _a060957 | ||
| 999 |
_c108011 _d108011 |
||